|
|
|
|
| LEADER |
00962nam#a2200253#a#4500 |
| 001 |
007514 |
| 003 |
AR-BeUNQ |
| 005 |
20191120153402.0 |
| 008 |
011016q1992####ag##################spa#d |
| 999 |
|
|
|c 10095
|d 85482
|
| 040 |
|
|
|a AR-beUNQ
|e aacr
|
| 099 |
|
|
|a 30-S66 [Fondo Reservado]
|
| 245 |
0 |
0 |
|a Seminario hacia el fin del milenio
|
| 260 |
|
|
|a Buenos Aires :
|b IDEP,
|c [1992]
|
| 300 |
|
|
|a 30 p
|
| 505 |
0 |
|
|a Contenido: Tema general: las incertidumbres del pensamiento. Mesa : el reinado de la crisis: el debate sobre la historia / expositores Luna, Felix; Gonzalez, Horacio; Nun, José
|
| 592 |
|
|
|a Fondo Reservado
|
| 611 |
2 |
4 |
|a Seminario hacia el fin del milenio :
|c Buenos Aires)
|
| 650 |
|
7 |
|a HISTORIA
|2 Spines
|
| 650 |
|
7 |
|a POBREZA
|2 Spines
|
| 650 |
|
7 |
|a MOVIMIENTO SOCIAL
|2 toit
|
| 711 |
2 |
|
|a Seminario hacia el fin del milenio (
|c Buenos Aires)
|d 1992 abr. 8 - jul 1 :
|
| 929 |
|
|
|a COMPRA
|b Rogelio García Lupo
|d 4,00E
|e 20011009
|f patrimonio
|j 30220
|
| 942 |
|
|
|c LIB
|n 0
|